Najlepsi strzelcy Atleticu Madryt . - Statystyki

Ogólne statystyki
  • Ten quiz został rozwiązany 87 razy
  • Średni wynik to 4 z 15
Statystyki odpowiedzi
Lata Piłkarz % Poprawnych
2014-2019 133 goli Griezmann
86%
2001-2007 ,2015-2018 121 goli Torres
79%
2007-2009 ,2010-2014, 2018-teraz 82 goli Costa
76%
2006-2011 100 goli Aguero
51%
2011-2013 70 goli Falcao
51%
2007-2011 96 goli Forlan
51%
1981-1985 58 goli Sanchez
8%
? 50 goli Garcia
5%
2007-2015 45 goli Garcia
5%
1987-1993, 1997-1998 46 goli Futre
4%
1988-1990 55 goli Baltazar
1%
1993-1998 45 goli Caminero
0%
1988-1995 86 goli Manolo
0%
1993-2001 60 goli Narvaez
0%
1955-1962, 1970-1971 56 goli Peiro
0%
Nie znaleziono quizów pasujących do podanych kryteriów
Rozkład punktacji
Procent ludzi z każdym wynikiem
Percentyl według liczby udzielonych odpowiedzi
Twoja historia wyników
Nie rozwiązałeś tego quizu